Francúzski audítori zasadali v Paríži

Zasadnutie Národnej komory audítorov vo Francúzsku. Analyzovanie povinností a úloh audítorov pri hospodárskom vývoji. Ekonomická politika Francúzska. Audítovanie verejného sektora. Malé a stredné podnikanie vo Francúzsku. Etický kódex venovaný profesii audítorov.

Na minha lista:
Detalhes bibliográficos
Autor principal: Škultéty, Jozef
Outros Autores: Škulová, Alžbeta
Formato: Capítulo de Livro
Idioma:eslovaco
Assuntos:
Tags: Adicionar Tag
Sem tags, seja o primeiro a adicionar uma tag!

MARC

LEADER 00000naa$a2200000$$$4500
001 0050956
005 20240502071605.2
041 0 |a slo 
044 |a SK 
245 1 0 |a Francúzski audítori zasadali v Paríži  |c Jozef Škultéty, Alžbeta Škulová 
520 |a Zasadnutie Národnej komory audítorov vo Francúzsku. Analyzovanie povinností a úloh audítorov pri hospodárskom vývoji. Ekonomická politika Francúzska. Audítovanie verejného sektora. Malé a stredné podnikanie vo Francúzsku. Etický kódex venovaný profesii audítorov. 
610 2 0 |a profesiografia 
610 2 0 |a IFRS 
610 2 0 |a účtovníctvo 
610 2 0 |a legislatíva 
610 2 0 |a podnikanie malé 
610 2 0 |a podnikanie stredné 
610 2 0 |a audítori 
100 1 |a Škultéty, Jozef 
700 1 |a Škulová, Alžbeta